Zvýšenie kvality výrobkov zavedením jej kontroly a vplyv kontroly kvality výrobkov na celkové náklady vo výrobnej spoločnosti
Gespeichert in:
| 1. Verfasser: | |
|---|---|
| Weitere Verfasser: | |
| Format: | Manuskript Buch |
| Sprache: | Slowakisch |
| Veröffentlicht: |
2022
|
| Schlagworte: | |
| Online-Zugang: | http://is.stuba.sk/zp/portal_zp.pl?podrobnosti=166297 |
| Tags: |
Keine Tags, Fügen Sie das erste Tag hinzu!
|
MARC
| LEADER | 00000ntm a22000003a 4500 | ||
|---|---|---|---|
| 001 | stuzp90968 | ||
| 003 | SK-STU | ||
| 005 | 20220611214218.8 | ||
| 007 | ta | ||
| 008 | 150427s2015----xo-----f-mn---000-0-slo-d | ||
| 040 | |a STU |b slo | ||
| 041 | 0 | |a slo | |
| 100 | 1 | |a Augustovičová, Martina |u 020070 |k Z4 |4 aut |U SjF Strojnícka fakulta |T SjF Ústav výrobných systémov, enviromentálnej techniky a manažment kvality |X 93958 |U J0070 |Y 804 |7 93958 | |
| 242 | 0 | 1 | |a Improving the product quality by implementing control and impact of product quality control on overall costs in the manufacturing company |y eng |
| 245 | 1 | 0 | |a Zvýšenie kvality výrobkov zavedením jej kontroly a vplyv kontroly kvality výrobkov na celkové náklady vo výrobnej spoločnosti |
| 260 | |c 2022 | ||
| 650 | 4 | |a náklady |2 slo | |
| 650 | 4 | |a výrobný proces |2 slo | |
| 650 | 4 | |a kvalita |2 slo | |
| 650 | 4 | |a kontrola kvality |2 slo | |
| 650 | 4 | |a quality |2 eng | |
| 650 | 4 | |a quality control |2 eng | |
| 650 | 4 | |a costs |2 eng | |
| 650 | 4 | |a manufacturing process |2 eng | |
| 700 | 1 | |a Svátek, Michal |4 ths |X 53959 |7 A000053959 | |
| 856 | 4 | |u http://is.stuba.sk/zp/portal_zp.pl?podrobnosti=166297 | |
| 996 | |b 284J046976 |c J* 3476/DDP |l JJSK |s A |a 24 |w stuzp90968_0001 | ||